| 000 | 00849cab a2200265 4500 | ||
|---|---|---|---|
| 001 | ABS49671 | ||
| 008 | 090401t1993 xxu||||| |||| 00| 0 eng d | ||
| 035 | _a(Sirsi) u72260 | ||
| 041 | _aeng | ||
| 100 | _aAulakh, G.S. | ||
| 245 | _aFinding new sites for golf courses using GIS | ||
| 260 | _c1993 | ||
| 350 | _a0 | ||
| 490 |
_aMapping Awareness _v7(9) November 1993, 41-43(3) |
||
| 520 | _aWith demand for golf courses in the South of England increasing geographic information systems could play an important role in locating new sites. | ||
| 650 | _aGIS | ||
| 650 | _aGOLF COURSES | ||
| 650 | _aLAND SUITABILITY ANALYSIS | ||
| 650 | _aSITE IDENTIFICATION | ||
| 690 | _aMANAGEMENT-BUSINESS MANAGEMENT-INFORMATION MANAGEMENT | ||
| 690 | _aLEISURE AND RECREATION | ||
| 700 | _aKoukoulas, S.G. | ||
| 942 | _n0 | ||
| 948 | _c04/03/1997 | ||
| 999 |
_c45632 _d45632 |
||